| 000 | 01162nam a2200313 i 4500 | ||
|---|---|---|---|
| 001 | bgj | ||
| 245 | 0 | 0 |
_aVisiting our past : _bAmerica's historyland / _cRoss Bennett, editor ; editorial consultant Daniel J. Boorstin ; chapters by Dr. Boorstin [et al.]. |
| 250 | _a[Revised edition]. | ||
| 260 |
_aWshington, D.C. : _bNational Geography Society, _c1986. |
||
| 300 |
_a399 pp : _bill. ; _c29 cm. |
||
| 490 | 1 | _aWorld in Color Library / National Geographic Book Service ; Jules B. Billard, director | |
| 504 | _aBibliography p. 400. | ||
| 505 | _aIncludes index. | ||
| 650 | 9 |
_aHistoric sites _zUnited States |
|
| 650 | 9 |
_aMonuments _zUnited States |
|
| 651 | 9 |
_aUnited States _xDescription and travel _y1981- |
|
| 655 | _aGuide-books | ||
| 655 | _aPictorial works | ||
| 700 | 1 | _aBENNETT, Ross | |
| 700 | 1 |
_aBOORSTIN, Daniel [Joseph] _d(1914- ) |
|
| 710 | p | 0 | _aNATIONAL GEOGRAPHIC BOOK SERVICE |
| 830 | 0 | _aWorld in Color Library (National Geographic Book Service ; Jules B. Billard, director) | |
| 020 | _a0870446479 | ||
| 040 | _cBPK | ||
| 041 | 0 | _aeng | |
| 920 | _a0-87044-647-9 | ||
| 942 | _cKS | ||
| 008 | s uk f |000 0 eng | ||
| 999 |
_c48043 _d48043 |
||